00326nam a22001097a 4500020001800000082001400018100002300032245006900055260005000124300000800174650003400182 a81-87886-60-9 a291.4 DSO aD'Souza, Rudolf V. aAwareness and union with God: The Gita and Christian perspective aAnand, GujaratbGujarat Sahitya Prakashc2002 a113 aReligious experience and life